| 000 | 01341nam a2200361 i 4500 | ||
|---|---|---|---|
| 001 | 000002168 | ||
| 003 | DO-SdBNP | ||
| 005 | 20250317105925.0 | ||
| 007 | ta | ||
| 008 | 090701s2007 dr r 000 0 spa d | ||
| 020 | _a1932271856 | ||
| 040 |
_aDO-SdBNP _bspa _cBNPHU _erda |
||
| 041 | _aspa | ||
| 082 | 4 |
_aRD861.44 _bG633a 2007 _222 |
|
| 100 | 1 |
_aGómez Beras, Carlos Roberto, _d1959- _eautor _4aut. _96916 |
|
| 245 | 1 | 0 |
_aAún : _b(1992-1989) / _cCarlos Roberto Gómez Beras ; corrección, Ana María Fuster Lavín, Carlos Vázquez. |
| 250 | _aSegunda edición | ||
| 264 | 4 |
_aSan Juan, Puerto Rico : _bEditorial Isla Negra, _c©2007. |
|
| 300 |
_a182 páginas ; _c22 cm. |
||
| 336 |
_atexto _btxt _2rdacontent |
||
| 337 |
_asin mediación _bn _2rdamedia |
||
| 338 |
_avolumen _bnc _2rdacarrier |
||
| 490 | _aColección el canon secuestrado | ||
| 500 | _aIncluye datos biográficos del autor en la solapa. | ||
| 505 | 2 |
_aAnimal de sombras -- _tPoesía sin palabras -- _tLa paloma de la plusvalía -- _tViaje a la noche. |
|
| 590 | _aInventariado, 2025/BT | ||
| 650 | 4 |
_aPoesía dominicana _966 |
|
| 650 | 4 |
_aLiteratura dominicana. _967 |
|
| 700 | 1 |
_aFuster Lavín, Ana María, _ecorrector _4corr. _975628 |
|
| 700 | 1 |
_aVázquez, Carlos, _ecorrectorcorr. _987210 |
|
| 910 | _aValidado. Control de calidad MMOLINA | ||
| 942 |
_2ddc _cLBS1 |
||
| 999 |
_c2016 _d2016 |
||